000 00668nam a2200229Ia 4500
003 OSt
005 20220926014828.0
006 a|||||r|||| 00| 0
007 ta
008 220923b |||||||| |||| 00| 0 eng d
037 _cGeneral Book
040 _aRTL
_cRTL
_beng
041 _2eng
_aeng
082 _aY9(L):(X71:8F).7311.N84r, M4/GD
110 _aMilbank Mdmorial Fund.
_9321178
245 0 _aAnnual Report 1984.
260 _aNew York
_bMilbank Memorial Fund
_c1984
300 _a34p.
_ccm.
700 _aMilbank Mdmorial Fund.
_9321179
942 _hY9(L):(X71:8F).7311.N84r, M4/GD
_cGB
_2CC
999 _c629940
_d629940